| 000 | 00606nam a2200169 a 4500 | ||
|---|---|---|---|
| 001 | 000015028 | ||
| 005 | 20200929163935.0 | ||
| 008 | 100129s1998 dr r 000 0 spa d | ||
| 020 | _a8460583287 | ||
| 040 |
_aDO-SdBNP _bspa _cBNPHU |
||
| 082 |
_axxxx _bG216l |
||
| 100 | 1 |
_aGarcía Cuevas, Eugenio, _d1979- _934010 |
|
| 245 | 1 | 0 |
_aLiteratura y sociedad en los años sesenta : _b(diálogo con Andrés L. Mateo ) / _cEugenio García Cuevas. |
| 260 |
_aSanto Domingo : _bLibrería La Trinitaria, _c1998. |
||
| 300 |
_a45 p. ; _c23 cm. |
||
| 500 | _aIncluye datos biográficos del autor en la solapa de la cubierta | ||
| 999 |
_c14601 _d14601 |
||